01449cam a22004217a 4500003000500000005001700005008004100022010001000063011001000073020001500083035001000098040000900108082002000117110000800137245010200145260002400247300001100271410000800282490004000290590004100330590004100371590004100412590004100453590004200494650004700536650004400583700002100627700002700648700002400675810000800699830004700707901000700754905002300761942001000784949007800794999001700872952013800889CHAP20220817043536.0990527d1998 it rn 00110 eng d a78022 a78994 a9251040451 a89112 cCHAP04a639.2bF3 v.3682 aFAO10aFisheries bioeconomics :btheory, modelling and managementc/by J.C. Seijo, O. Defeo and S. Salas aRome :bFAO,c1998. a108 p.2 aFAO 0aDocumento técnico de pescav; 368 aBATCH-UPDb10c20130110lUCH01h0522 aBATCH-UPDb10c20130410lUCH01h0201 aBATCH-UPDb10c20130410lUCH01h1644 aBATCH-UPDb10c20130914lUCH01h1214 aCONVERSIONb10c20130109lUCH01h134314aPesqueríaxModelos matemáticos.98751014aRecursos marinosxUtilización.9951660 aDefeo, D.9314980 aSalas, Silvia.91013460 aSeijo, J.C.91037560 aFAO00aDocumento técnico de pescav; 368933242 aBK aLilia Sánchez G. cLIBRO a639.2 F3 v.368bBCcFAOd33724000725172eFAO1h95454i89112kDonaciØnsb c78022d78022 00104053708FAOaBCbBCcPP_FAOd2019-12-31fLIBROi127l0o639.2 F3 v.368p33724000725172r2019-12-31 00:00:00w2019-12-31yLIBRO